[Event "World Chess Olympiad 2018"]
[Site "Batumi"]
[Date "2018.10.02"]
[Round "8"]
[Board "4"]
[WhiteFideId "4801695"]
[White "Muhseen ABdullah Mohammed"]
[BlackFideId "11602945"]
[Black "Kantans Toms"]
[Result "0-1"]
[LiveChessVersion "1.4.8"]
[BlackElo "2509"]
[WhiteElo "2220"]

1. d4 {[%clk 1:30:58]} Nf6 {[%clk 1:30:53]} 2. Nf3 {[%clk 1:31:25]} g6
{[%clk 1:31:17]} 3. c4 {[%clk 1:31:51]} Bg7 {[%clk 1:31:41]} 4. e3
{[%clk 1:32:18]} O-O {[%clk 1:31:46]} 5. Be2 {[%clk 1:32:44]} c5 {[%clk 1:31:30]}
6. O-O {[%clk 1:32:16]} cxd4 {[%clk 1:31:40]} 7. Nxd4 {[%clk 1:30:57]} Nc6
{[%clk 1:30:53]} 8. Nc3 {[%clk 1:28:48]} b6 {[%clk 1:25:14]} 9. Bf3
{[%clk 1:17:00]} Bb7 {[%clk 1:25:38]} 10. b3 {[%clk 1:15:50]} Qc8
{[%clk 1:24:27]} 11. Ba3 {[%clk 1:15:16]} Re8 {[%clk 1:23:40]} 12. Re1
{[%clk 1:13:01]} Ne5 {[%clk 1:21:41]} 13. Bxb7 {[%clk 1:04:30]} Qxb7
{[%clk 1:22:08]} 14. f4 {[%clk 1:04:53]} Nc6 {[%clk 1:22:31]} 15. Rc1
{[%clk 0:58:08]} Rad8 {[%clk 1:18:17]} 16. Bb2 {[%clk 0:51:29]} e6
{[%clk 0:58:54]} 17. Qf3 {[%clk 0:45:41]} d5 {[%clk 0:54:03]} 18. Nxc6
{[%clk 0:40:40]} Qxc6 {[%clk 0:54:28]} 19. Red1 {[%clk 0:37:54]} Qb7
{[%clk 0:54:50]} 20. Rc2 {[%clk 0:36:28]} Qe7 {[%clk 0:53:35]} 21. cxd5
{[%clk 0:31:01]} exd5 {[%clk 0:53:58]} 22. Rcd2 {[%clk 0:19:09]} Rc8
{[%clk 0:48:47]} 23. Rd3 {[%clk 0:16:58]} Qe6 {[%clk 0:47:31]} 24. Nb5
{[%clk 0:13:40]} Rc5 {[%clk 0:47:27]} 25. f5 {[%clk 0:13:20]} Qc6
{[%clk 0:43:06]} 26. a4 {[%clk 0:07:43]} a6 {[%clk 0:41:57]} 27. Nd4
{[%clk 0:07:17]} Qc8 {[%clk 0:42:22]} 28. g4 {[%clk 0:06:55]} Ne4
{[%clk 0:42:13]} 29. Ba3 {[%clk 0:02:46]} Rc3 {[%clk 0:41:50]} 30. Bb2
{[%clk 0:01:44]} Rxd3 {[%clk 0:39:36]} 31. Rxd3 {[%clk 0:02:10]} Be5
{[%clk 0:38:37]} 32. Rd1 {[%clk 0:01:05]} Qc7 {[%clk 0:38:28]} 33. Qg2
{[%clk 0:00:52]} Nc3 {[%clk 0:36:26]} 34. Rf1 {[%clk 0:00:34]} Bxd4
{[%clk 0:35:21]} 35. exd4 {[%clk 0:01:01]} Re2 {[%clk 0:35:44]} 36. Rf2
{[%clk 0:00:40]} Rxf2 {[%clk 0:35:37]} 37. Qxf2 {[%clk 0:00:48]} Ne4
{[%clk 0:36:04]} 38. Qg2 {[%clk 0:00:45]} Qf4 {[%clk 0:36:16]} 39. h3
{[%clk 0:00:53]} Qe3+ {[%clk 0:35:44]} 40. Kh2 {[%clk 0:30:59]} Ng5
{[%clk 1:04:41]} 41. Qxd5 {[%clk 0:30:21]} Nf3+ {[%clk 1:03:53]} 42. Kg3
{[%clk 0:30:15]} Qe1+ {[%clk 1:04:03]} 43. Kf4 {[%clk 0:28:00]} g5+
{[%clk 1:04:27]} 0-1

[Event "World Chess Olympiad 2018"]
[Site "Batumi"]
[Date "2018.10.02"]
[Round "8"]
[Board "1"]
[WhiteFideId "12800112"]
[White "Sulskis Sarunas"]
[BlackFideId "10000100"]
[Black "Ssegwanyi Arthur"]
[Result "1/2-1/2"]
[LiveChessVersion "1.4.8"]
[BlackElo "2347"]
[WhiteElo "2525"]

1. c4 {[%clk 1:30:51]} e6 {[%clk 1:30:35]} 2. Nc3 {[%clk 1:31:07]} d5
{[%clk 1:30:51]} 3. d4 {[%clk 1:31:08]} Be7 {[%clk 1:31:09]} 4. Nf3
{[%clk 1:28:37]} Nf6 {[%clk 1:30:51]} 5. Bf4 {[%clk 1:27:16]} O-O
{[%clk 1:29:49]} 6. e3 {[%clk 1:27:32]} c5 {[%clk 1:26:40]} 7. dxc5
{[%clk 1:22:48]} Bxc5 {[%clk 1:24:55]} 8. Qc2 {[%clk 1:23:00]} Nc6
{[%clk 1:21:10]} 9. a3 {[%clk 1:23:15]} h6 {[%clk 1:06:02]} 10. Rd1
{[%clk 1:07:50]} Qa5 {[%clk 0:59:00]} 11. Bd3 {[%clk 1:01:31]} d4
{[%clk 0:43:41]} 12. exd4 {[%clk 0:48:19]} Nxd4 {[%clk 0:44:01]} 13. Nxd4
{[%clk 0:48:32]} Bxd4 {[%clk 0:44:24]} 14. Bh7+ {[%clk 0:46:53]} Nxh7
{[%clk 0:44:39]} 15. Rxd4 {[%clk 0:47:16]} e5 {[%clk 0:44:06]} 16. Rd5
{[%clk 0:44:34]} Qa6 {[%clk 0:42:28]} 17. Rxe5 {[%clk 0:43:01]} Qxc4
{[%clk 0:41:03]} 18. Qe4 {[%clk 0:43:14]} Be6 {[%clk 0:37:55]} 19. Qxc4
{[%clk 0:40:48]} Bxc4 {[%clk 0:38:14]} 20. f3 {[%clk 0:40:50]} Rfd8
{[%clk 0:33:01]} 21. Kf2 {[%clk 0:40:37]} Nf8 {[%clk 0:33:25]} 22. Rc5
{[%clk 0:37:37]} Bd3 {[%clk 0:33:14]} 23. Be3 {[%clk 0:36:31]} Ne6
{[%clk 0:33:21]} 24. Re5 {[%clk 0:30:28]} b6 {[%clk 0:33:14]} 25. Rd1
{[%clk 0:27:51]} Bc4 {[%clk 0:30:09]} 26. Rxd8+ {[%clk 0:26:06]} Rxd8
{[%clk 0:30:18]} 27. a4 {[%clk 0:25:59]} Rd7 {[%clk 0:24:46]} 28. f4
{[%clk 0:23:16]} Kf8 {[%clk 0:21:35]} 29. h4 {[%clk 0:17:06]} Nd8
{[%clk 0:17:29]} 30. f5 {[%clk 0:13:43]} f6 {[%clk 0:16:39]} 31. Re4
{[%clk 0:13:24]} Bd3 {[%clk 0:16:59]} 32. Rf4 {[%clk 0:13:41]} Nc6
{[%clk 0:13:33]} 33. g4 {[%clk 0:12:06]} Ne5 {[%clk 0:11:53]} 34. Bd4
{[%clk 0:07:22]} Nc6 {[%clk 0:09:11]} 35. Be3 {[%clk 0:05:31]} Ne5
{[%clk 0:08:42]} 36. Bd4 {[%clk 0:05:31]} Nc6 {[%clk 0:08:37]} 1/2-1/2

[Event "World Chess Olympiad 2018"]
[Site "Batumi"]
[Date "2018.10.02"]
[Round "8"]
[Board "2"]
[WhiteFideId "10000127"]
[White "Kawuma Patrick"]
[BlackFideId "12809390"]
[Black "Pultinevicius Paulius"]
[Result "1/2-1/2"]
[LiveChessVersion "1.4.8"]
[BlackElo "2465"]
[WhiteElo "2329"]

1. c4 {[%clk 1:30:57]} Nf6 {[%clk 1:29:40]} 2. g3 {[%clk 1:29:57]} e6
{[%clk 1:24:25]} 3. Nf3 {[%clk 1:28:57]} a6 {[%clk 1:22:57]} 4. Bg2
{[%clk 1:27:51]} b5 {[%clk 1:23:07]} 5. b3 {[%clk 1:21:25]} c5 {[%clk 1:16:10]}
6. O-O {[%clk 1:19:13]} Bb7 {[%clk 1:15:42]} 7. Bb2 {[%clk 1:10:21]} d6
{[%clk 1:12:40]} 8. d3 {[%clk 1:07:04]} Nbd7 {[%clk 1:05:32]} 9. Nbd2
{[%clk 1:06:40]} Be7 {[%clk 1:05:22]} 10. e3 {[%clk 1:01:11]} O-O
{[%clk 1:04:46]} 11. Qe2 {[%clk 1:01:24]} Qb6 {[%clk 1:04:15]} 12. Rfd1
{[%clk 1:01:28]} Rac8 {[%clk 1:00:24]} 13. Bh3 {[%clk 0:49:31]} Rfd8
{[%clk 0:44:29]} 14. Rac1 {[%clk 0:45:42]} Rc7 {[%clk 0:40:51]} 15. Ng5
{[%clk 0:42:25]} h6 {[%clk 0:29:30]} 16. Ngf3 {[%clk 0:40:49]} Bc6
{[%clk 0:24:05]} 17. Bc3 {[%clk 0:30:25]} Ra7 {[%clk 0:21:05]} 18. d4
{[%clk 0:29:26]} Ne4 {[%clk 0:16:33]} 19. Nxe4 {[%clk 0:23:14]} Bxe4
{[%clk 0:16:58]} 20. dxc5 {[%clk 0:23:02]} dxc5 {[%clk 0:15:11]} 21. Rd2
{[%clk 0:21:38]} b4 {[%clk 0:11:21]} 22. Bb2 {[%clk 0:21:42]} Qc6
{[%clk 0:10:31]} 23. Bg2 {[%clk 0:21:19]} a5 {[%clk 0:09:53]} 24. Rcd1
{[%clk 0:21:36]} Rda8 {[%clk 0:09:57]} 25. h3 {[%clk 0:12:16]} a4
{[%clk 0:04:56]} 26. Kh2 {[%clk 0:12:38]} Nf6 {[%clk 0:04:17]} 27. Ne5
{[%clk 0:09:05]} Qb7 {[%clk 0:01:39]} 28. f3 {[%clk 0:05:47]} Bh7
{[%clk 0:01:04]} 29. e4 {[%clk 0:04:37]} axb3 {[%clk 0:01:11]} 30. axb3
{[%clk 0:05:05]} 1/2-1/2

[Event "World Chess Olympiad 2018"]
[Site "Batumi"]
[Date "2018.10.02"]
[Round "8"]
[Board "3"]
[WhiteFideId "12803731"]
[White "Laurusas Tomas"]
[BlackFideId "10001204"]
[Black "Okas Walter"]
[Result "1-0"]
[LiveChessVersion "1.4.8"]
[BlackElo "2258"]
[WhiteElo "2484"]

1. d4 {[%clk 1:30:45]} Nf6 {[%clk 1:30:52]} 2. c4 {[%clk 1:30:58]} g6
{[%clk 1:30:41]} 3. Nf3 {[%clk 1:31:12]} Bg7 {[%clk 1:30:39]} 4. g3
{[%clk 1:31:29]} d6 {[%clk 1:28:56]} 5. Bg2 {[%clk 1:31:49]} O-O {[%clk 1:28:34]}
6. O-O {[%clk 1:32:06]} Na6 {[%clk 1:26:01]} 7. Nc3 {[%clk 1:28:42]} c5
{[%clk 1:26:18]} 8. b3 {[%clk 1:23:24]} b6 {[%clk 1:14:38]} 9. Bb2
{[%clk 1:11:37]} Bb7 {[%clk 1:13:26]} 10. d5 {[%clk 1:11:36]} Nc7
{[%clk 1:12:15]} 11. Qc2 {[%clk 1:00:39]} Qd7 {[%clk 1:00:16]} 12. e4
{[%clk 0:53:08]} Ng4 {[%clk 0:45:08]} 13. h3 {[%clk 0:53:36]} Nh6
{[%clk 0:38:19]} 14. Rfe1 Rae8 {[%clk 0:32:43]} 15. e5 {[%clk 0:39:59]} Nf5
{[%clk 0:26:06]} 16. Ne4 {[%clk 0:35:24]} dxe5 {[%clk 0:14:52]} 17. Nxe5
{[%clk 0:33:34]} Qc8 {[%clk 0:13:59]} 18. Nf3 {[%clk 0:29:45]} Nd4
{[%clk 0:07:18]} 19. Nxd4 {[%clk 0:29:36]} cxd4 {[%clk 0:07:42]} 20. Qd2
{[%clk 0:28:50]} f5 {[%clk 0:07:14]} 21. Ng5 {[%clk 0:29:11]} e5 {[%clk 0:06:56]}
22. Ba3 {[%clk 0:24:52]} Rf6 {[%clk 0:04:43]} 23. Nf3 {[%clk 0:25:18]} Rf7
{[%clk 0:03:31]} 24. Bd6 {[%clk 0:25:39]} e4 {[%clk 0:02:43]} 25. Nxd4
{[%clk 0:26:01]} Nxd5 {[%clk 0:01:15]} 26. cxd5 {[%clk 0:26:11]} Qd7
{[%clk 0:01:31]} 27. Bf4 {[%clk 0:25:46]} Qxd5 {[%clk 0:01:41]} 28. Rad1
{[%clk 0:25:55]} Rd7 {[%clk 0:01:30]} 29. Nb5 {[%clk 0:25:35]} Qxd2
{[%clk 0:01:08]} 30. Rxd2 {[%clk 0:25:52]} Rxd2 {[%clk 0:01:18]} 31. Bxd2
{[%clk 0:26:12]} Rd8 {[%clk 0:01:39]} 32. Bc3 {[%clk 0:25:12]} Bf8
{[%clk 0:02:00]} 33. Bf1 {[%clk 0:25:15]} h6 {[%clk 0:01:55]} 34. Bc4+
{[%clk 0:25:27]} Kh7 {[%clk 0:02:12]} 35. Nxa7 {[%clk 0:25:52]} Bc5
{[%clk 0:02:03]} 36. Nb5 {[%clk 0:25:47]} g5 {[%clk 0:01:29]} 37. b4
{[%clk 0:25:53]} Be7 {[%clk 0:01:45]} 38. a3 {[%clk 0:26:01]} Kg6
{[%clk 0:01:33]} 39. g4 {[%clk 0:25:57]} fxg4 {[%clk 0:00:52]} 40. hxg4
{[%clk 0:56:21]} h5 {[%clk 0:30:40]} 41. gxh5+ {[%clk 0:55:47]} Kxh5
{[%clk 0:30:45]} 42. Bf7+ {[%clk 0:55:59]} Kg4 {[%clk 0:30:50]} 43. Be6+
{[%clk 0:55:48]} Kf4 {[%clk 0:29:26]} 44. Nd4 {[%clk 0:55:43]} Ra8
{[%clk 0:23:00]} 45. Re3 {[%clk 0:55:52]} g4 {[%clk 0:20:44]} 46. Ne2+
{[%clk 0:56:00]} Kg5 {[%clk 0:20:59]} 47. Rg3 {[%clk 0:56:08]} 1-0

[Event "World Chess Olympiad 2018"]
[Site "Batumi"]
[Date "2018.10.02"]
[Round "8"]
[Board "4"]
[WhiteFideId "10000569"]
[White "Nsubuga Haruna"]
[BlackFideId "12804444"]
[Black "Stremavicius Titas"]
[Result "0-1"]
[LiveChessVersion "1.4.8"]
[BlackElo "2467"]
[WhiteElo "2222"]

1. d4 {[%clk 1:30:57]} d6 {[%clk 1:30:34]} 2. e4 {[%clk 1:30:47]} Nf6
{[%clk 1:30:57]} 3. Nc3 {[%clk 1:31:09]} g6 {[%clk 1:31:22]} 4. f3
{[%clk 1:29:39]} c6 {[%clk 1:31:14]} 5. Be3 {[%clk 1:28:01]} Nbd7
{[%clk 1:30:27]} 6. Qd2 {[%clk 1:27:53]} b5 {[%clk 1:30:05]} 7. d5
{[%clk 1:26:12]} cxd5 {[%clk 1:14:58]} 8. Nxd5 {[%clk 1:18:21]} Bg7
{[%clk 1:06:37]} 9. Nxf6+ {[%clk 1:17:51]} Bxf6 {[%clk 1:06:07]} 10. Bd4
{[%clk 1:17:50]} a6 {[%clk 1:01:11]} 11. O-O-O {[%clk 1:16:18]} Qc7
{[%clk 0:59:24]} 12. h4 {[%clk 1:15:28]} h6 {[%clk 0:57:39]} 13. Ne2
{[%clk 1:11:28]} Bb7 {[%clk 0:56:55]} 14. Kb1 {[%clk 1:08:31]} Rc8
{[%clk 0:37:12]} 15. h5 {[%clk 1:08:16]} g5 {[%clk 0:35:04]} 16. Bxf6
{[%clk 1:08:29]} Nxf6 {[%clk 0:35:27]} 17. Nd4 {[%clk 1:08:36]} d5
{[%clk 0:30:44]} 18. exd5 {[%clk 1:07:56]} Bxd5 {[%clk 0:26:31]} 19. Bd3
{[%clk 1:06:50]} e6 {[%clk 0:26:57]} 20. Ne2 {[%clk 0:59:06]} Kf8
{[%clk 0:25:08]} 21. f4 {[%clk 0:58:29]} g4 {[%clk 0:22:36]} 22. Nc3
{[%clk 0:56:41]} Bb7 {[%clk 0:22:18]} 23. Rhe1 {[%clk 0:54:22]} Kg7
{[%clk 0:21:07]} 24. Re5 {[%clk 0:47:35]} b4 {[%clk 0:17:56]} 25. Ne2
{[%clk 0:39:43]} Rhd8 {[%clk 0:18:02]} 26. Ng3 {[%clk 0:38:06]} a5
{[%clk 0:14:30]} 27. Qe2 {[%clk 0:38:10]} a4 {[%clk 0:10:48]} 28. f5
{[%clk 0:35:21]} b3 {[%clk 0:09:27]} 29. axb3 {[%clk 0:35:20]} axb3
{[%clk 0:09:29]} 30. c3 {[%clk 0:34:22]} Rxd3 {[%clk 0:08:41]} 31. Rxd3
{[%clk 0:32:53]} Ba6 {[%clk 0:09:09]} 32. Ree3 {[%clk 0:30:21]} Qa5
{[%clk 0:08:37]} 33. fxe6 {[%clk 0:29:24]} Qa2+ {[%clk 0:08:49]} 34. Kc1
{[%clk 0:29:48]} Qa1+ {[%clk 0:09:05]} 35. Kd2 {[%clk 0:29:39]} Qxb2+
{[%clk 0:09:27]} 36. Ke1 {[%clk 0:30:01]} Qxe2+ {[%clk 0:09:48]} 37. Nxe2
{[%clk 0:30:14]} Bxd3 {[%clk 0:08:44]} 38. Rxd3 {[%clk 0:30:36]} b2
{[%clk 0:07:16]} 39. Rd1 {[%clk 0:30:59]} Ra8 {[%clk 0:06:31]} 40. c4
{[%clk 1:01:25]} Ra1 {[%clk 0:36:36]} 41. Nc3 {[%clk 1:01:45]} Rc1
{[%clk 0:35:27]} 42. Nb1 {[%clk 1:01:22]} fxe6 {[%clk 0:35:46]} 43. Ke2
{[%clk 0:50:19]} Ne4 {[%clk 0:35:58]} 44. Rd7+ {[%clk 0:40:17]} Kf6
{[%clk 0:35:37]} 45. Na3 {[%clk 0:40:17]} Ra1 {[%clk 0:35:48]} 46. Rb7
{[%clk 0:39:40]} Rxa3 {[%clk 0:36:12]} 47. Rxb2 {[%clk 0:40:03]} Rg3
{[%clk 0:36:18]} 48. Kf1 {[%clk 0:40:16]} Rc3 {[%clk 0:36:41]} 49. Rb8
{[%clk 0:40:25]} Rxc4 {[%clk 0:36:09]} 50. Ke2 {[%clk 0:39:25]} Kg5
{[%clk 0:35:42]} 51. Kd3 {[%clk 0:36:10]} Ra4 {[%clk 0:36:09]} 52. Rb5+
{[%clk 0:34:37]} Kf4 {[%clk 0:36:31]} 53. Rb8 {[%clk 0:34:58]} Ra3+
{[%clk 0:36:30]} 54. Kd4 {[%clk 0:32:51]} Nf6 {[%clk 0:36:52]} 55. Rh8
{[%clk 0:32:31]} e5+ {[%clk 0:37:15]} 56. Kc5 {[%clk 0:32:59]} Kg5
{[%clk 0:37:07]} 57. Kd6 {[%clk 0:33:17]} e4 {[%clk 0:37:12]} 58. Rb8
{[%clk 0:33:05]} Ra6+ {[%clk 0:37:26]} 59. Ke7 {[%clk 0:33:11]} g3
{[%clk 0:36:53]} 60. Rb5+ {[%clk 0:33:07]} Kf4 {[%clk 0:37:03]} 0-1

[Event "World Chess Olympiad 2018"]
[Site "Batumi"]
[Date "2018.10.02"]
[Round "8"]
[Board "1"]
[WhiteFideId "5122279"]
[White "Cofre Archibold Nestor"]
[BlackFideId "14907518"]
[Black "Jurcik Marian"]
[Result "0-1"]
[LiveChessVersion "1.4.8"]
[BlackElo "2451"]
[WhiteElo "2346"]

1. Nf3 {[%clk 1:30:46]} c5 {[%clk 1:28:20]} 2. c4 {[%clk 1:30:50]} Nc6
{[%clk 1:27:37]} 3. Nc3 {[%clk 1:28:46]} Nd4 {[%clk 1:20:42]} 4. e3
{[%clk 1:21:26]} Nxf3+ {[%clk 1:19:53]} 5. Qxf3 {[%clk 1:21:35]} g6
{[%clk 1:20:16]} 6. b3 {[%clk 1:21:12]} Bg7 {[%clk 1:20:26]} 7. Bb2
{[%clk 1:21:37]} d6 {[%clk 1:17:58]} 8. g4 {[%clk 1:13:02]} Nh6 {[%clk 1:04:46]}
9. h3 {[%clk 1:09:08]} f5 {[%clk 1:01:42]} 10. g5 {[%clk 1:03:48]} Nf7
{[%clk 1:01:51]} 11. Qg2 {[%clk 0:56:19]} Bd7 {[%clk 0:53:02]} 12. O-O-O
{[%clk 0:43:48]} Bc6 {[%clk 0:45:35]} 13. f3 {[%clk 0:43:40]} a6 {[%clk 0:44:33]}
14. h4 {[%clk 0:33:08]} b5 {[%clk 0:38:58]} 15. h5 {[%clk 0:24:31]} e6
{[%clk 0:28:31]} 16. Rg1 {[%clk 0:09:06]} bxc4 {[%clk 0:18:00]} 17. h6
{[%clk 0:04:16]} Be5 {[%clk 0:17:50]} 18. Bxc4 {[%clk 0:03:15]} d5
{[%clk 0:15:49]} 19. Bd3 {[%clk 0:01:51]} O-O {[%clk 0:14:18]} 20. f4
{[%clk 0:01:57]} Bh8 {[%clk 0:14:28]} 21. Bb1 {[%clk 0:00:56]} Qb6
{[%clk 0:14:00]} 22. Qe2 {[%clk 0:00:48]} d4 {[%clk 0:09:20]} 23. Na4
{[%clk 0:00:39]} Bxa4 {[%clk 0:09:41]} 24. bxa4 {[%clk 0:00:59]} d3
{[%clk 0:09:47]} 0-1

[Event "World Chess Olympiad 2018"]
[Site "Batumi"]
[Date "2018.10.02"]
[Round "8"]
[Board "2"]
[WhiteFideId "14901625"]
[White "Petrik Tomas"]
[BlackFideId "5107407"]
[Black "Rojas Alarcon Julian Antonio"]
[Result "0-1"]
[LiveChessVersion "1.4.8"]
[BlackElo "2387"]
[WhiteElo "2481"]

1. e4 {[%clk 1:30:45]} c5 {[%clk 1:30:48]} 2. Nf3 {[%clk 1:31:04]} d6
{[%clk 1:31:11]} 3. d4 {[%clk 1:30:24]} cxd4 {[%clk 1:31:34]} 4. Nxd4
{[%clk 1:30:47]} Nf6 {[%clk 1:31:58]} 5. Nc3 {[%clk 1:31:09]} g6 {[%clk 1:32:19]}
6. Be3 {[%clk 1:28:56]} Bg7 {[%clk 1:32:41]} 7. f3 {[%clk 1:29:07]} Nc6
{[%clk 1:33:02]} 8. Qd2 {[%clk 1:28:25]} O-O {[%clk 1:33:10]} 9. O-O-O
{[%clk 1:27:57]} d5 {[%clk 1:30:08]} 10. Nxc6 {[%clk 1:21:47]} bxc6
{[%clk 1:30:30]} 11. Bh6 {[%clk 1:22:04]} Be6 {[%clk 1:22:13]} 12. Bxg7
{[%clk 0:55:57]} Kxg7 {[%clk 1:18:00]} 13. e5 {[%clk 0:54:18]} Nd7
{[%clk 1:11:56]} 14. h4 {[%clk 0:53:02]} Nxe5 {[%clk 0:38:18]} 15. h5
{[%clk 0:50:12]} Rh8 {[%clk 0:36:21]} 16. Ne4 {[%clk 0:16:48]} f6
{[%clk 0:25:41]} 17. Qc3 {[%clk 0:15:17]} Qc7 {[%clk 0:16:34]} 18. Nc5
{[%clk 0:13:08]} Bf7 {[%clk 0:16:54]} 19. h6+ {[%clk 0:12:12]} Kf8
{[%clk 0:13:34]} 20. Rh4 {[%clk 0:10:35]} Nd7 {[%clk 0:10:48]} 21. Rb4
{[%clk 0:07:11]} Nxc5 {[%clk 0:04:42]} 22. Qxc5 {[%clk 0:07:36]} Rb8
{[%clk 0:04:12]} 23. Rxb8+ {[%clk 0:00:42]} Qxb8 {[%clk 0:04:41]} 24. Qxc6
{[%clk 0:01:07]} Qf4+ {[%clk 0:05:00]} 25. Kb1 {[%clk 0:01:34]} Qxh6
{[%clk 0:05:26]} 26. Qa8+ {[%clk 0:01:56]} Kg7 {[%clk 0:05:51]} 27. Qxa7
{[%clk 0:02:23]} e6 {[%clk 0:05:59]} 28. a4 {[%clk 0:02:23]} Qf4 {[%clk 0:06:09]}
29. Bb5 {[%clk 0:02:10]} g5 {[%clk 0:02:05]} 30. Qc5 {[%clk 0:00:55]} Qg3
{[%clk 0:01:26]} 31. a5 {[%clk 0:01:00]} Qb8 {[%clk 0:00:39]} 32. a6
{[%clk 0:01:01]} Rc8 {[%clk 0:00:53]} 33. Bc6 {[%clk 0:00:32]} Qc7
{[%clk 0:00:41]} 34. a7 {[%clk 0:00:33]} Ra8 {[%clk 0:01:02]} 35. b4
{[%clk 0:00:32]} Rxa7 {[%clk 0:01:27]} 36. b5 {[%clk 0:00:49]} Be8
{[%clk 0:00:34]} 37. b6 {[%clk 0:00:54]} Rb7 {[%clk 0:00:59]} 38. Kc1
{[%clk 0:00:32]} Qxc6 {[%clk 0:01:24]} 0-1

[Event "World Chess Olympiad 2018"]
[Site "Batumi"]
[Date "2018.10.02"]
[Round "8"]
[Board "3"]
[WhiteFideId "5114241"]
[White "Tello Chavez Isaac Valent"]
[BlackFideId "14928752"]
[Black "Gazik Viktor"]
[Result "0-1"]
[LiveChessVersion "1.4.8"]
[BlackElo "2486"]
[WhiteElo "2319"]

1. d4 {[%clk 1:30:51]} Nc6 {[%clk 1:30:56]} 2. Bg5 {[%clk 1:29:18]} h6
{[%clk 1:24:10]} 3. Bh4 {[%clk 1:28:24]} d6 {[%clk 1:17:26]} 4. c3
{[%clk 1:23:23]} g5 {[%clk 1:06:57]} 5. Bg3 {[%clk 1:23:33]} Bg7 {[%clk 1:04:01]}
6. e4 {[%clk 1:19:59]} e5 {[%clk 1:03:10]} 7. dxe5 {[%clk 1:10:04]} Nxe5
{[%clk 1:01:29]} 8. Nd2 {[%clk 1:03:19]} Qe7 {[%clk 0:50:35]} 9. Be2
{[%clk 0:57:10]} Nf6 {[%clk 0:49:08]} 10. Qc2 {[%clk 0:55:01]} Bd7
{[%clk 0:44:18]} 11. Ngf3 {[%clk 0:50:53]} Nxf3+ {[%clk 0:42:26]} 12. gxf3
{[%clk 0:50:07]} O-O-O {[%clk 0:39:25]} 13. O-O-O {[%clk 0:50:19]} Nh5
{[%clk 0:30:53]} 14. Nc4 {[%clk 0:47:05]} Be6 {[%clk 0:31:14]} 15. Qa4
{[%clk 0:43:52]} Bxc4 {[%clk 0:23:13]} 16. Bxc4 {[%clk 0:42:54]} a6
{[%clk 0:23:08]} 17. Rd5 {[%clk 0:31:31]} Qd7 {[%clk 0:09:47]} 18. Bb5
{[%clk 0:10:46]} Qe6 {[%clk 0:08:41]} 19. Bxa6 {[%clk 0:08:29]} bxa6
{[%clk 0:09:00]} 20. Qc6 {[%clk 0:03:38]} Nxg3 {[%clk 0:08:28]} 21. hxg3
{[%clk 0:03:06]} Qe8 {[%clk 0:08:21]} 22. Qxa6+ {[%clk 0:02:27]} Kd7
{[%clk 0:08:49]} 23. Qb7 {[%clk 0:01:05]} Rb8 {[%clk 0:07:27]} 24. Rxd6+
{[%clk 0:00:43]} Kxd6 {[%clk 0:07:50]} 25. Qd5+ {[%clk 0:00:49]} Ke7
{[%clk 0:08:19]} 26. Qc5+ {[%clk 0:01:12]} Kd8 {[%clk 0:08:43]} 27. Rd1+
{[%clk 0:01:35]} Kc8 {[%clk 0:09:12]} 28. Qf5+ {[%clk 0:01:31]} Qe6
{[%clk 0:09:35]} 0-1

[Event "World Chess Olympiad 2018"]
[Site "Batumi"]
[Date "2018.10.02"]
[Round "8"]
[Board "4"]
[WhiteFideId "14923432"]
[White "Nayhebaver Martin"]
[BlackFideId "5110491"]
[Black "Garcia Almaguer Juan Manuel"]
[Result "1-0"]
[LiveChessVersion "1.4.8"]
[BlackElo "2229"]
[WhiteElo "2466"]

1. e4 c6 {[%clk 1:30:17]} 2. Nc3 {[%clk 1:30:35]} d5 {[%clk 1:30:12]} 3. Nf3
{[%clk 1:30:14]} Bg4 {[%clk 1:29:40]} 4. h3 {[%clk 1:29:40]} Bxf3
{[%clk 1:29:57]} 5. Qxf3 {[%clk 1:30:05]} e6 6. d3 {[%clk 1:27:51]} Nd7
{[%clk 1:30:04]} 7. Qg3 {[%clk 1:27:54]} d4 {[%clk 1:21:17]} 8. Nb1
{[%clk 1:26:41]} Ngf6 {[%clk 1:19:23]} 9. Be2 {[%clk 1:26:21]} g6
{[%clk 1:17:38]} 10. O-O {[%clk 1:23:02]} h5 {[%clk 1:07:59]} 11. c3
{[%clk 1:12:30]} c5 {[%clk 1:05:32]} 12. Na3 {[%clk 1:09:55]} Qb8
{[%clk 0:56:46]} 13. Nb5 {[%clk 0:49:52]} e5 {[%clk 0:51:56]} 14. cxd4
{[%clk 0:47:58]} cxd4 {[%clk 0:41:57]} 15. f4 {[%clk 0:47:35]} a6
{[%clk 0:39:31]} 16. Na3 {[%clk 0:42:46]} h4 {[%clk 0:36:05]} 17. Qf2
{[%clk 0:39:11]} Nxe4 {[%clk 0:31:16]} 18. dxe4 {[%clk 0:38:37]} d3
{[%clk 0:31:34]} 19. Bxd3 {[%clk 0:38:43]} Bc5 {[%clk 0:31:21]} 20. Be3
{[%clk 0:39:07]} Qa7 {[%clk 0:31:44]} 21. Bxc5 {[%clk 0:38:50]} Nxc5
{[%clk 0:32:02]} 22. Rac1 {[%clk 0:38:20]} 1-0

[Event "World Chess Olympiad 2018"]
[Site "Batumi"]
[Date "2018.10.02"]
[Round "8"]
[Board "1"]
[WhiteFideId "13100050"]
[White "Rakotomaharo Fy Antenaina"]
[BlackFideId "14114496"]
[Black "Yarmonov Igor"]
[Result "1-0"]
[LiveChessVersion "1.4.8"]
[BlackElo "2376"]
[WhiteElo "2422"]

1. e4 {[%clk 1:30:51]} c6 {[%clk 1:30:19]} 2. d4 {[%clk 1:31:06]} d5
{[%clk 1:30:33]} 3. Nc3 {[%clk 1:31:19]} dxe4 {[%clk 1:30:46]} 4. Nxe4
{[%clk 1:31:44]} Bf5 {[%clk 1:30:52]} 5. Ng3 {[%clk 1:32:08]} Bg6
{[%clk 1:30:44]} 6. h4 {[%clk 1:32:32]} h6 {[%clk 1:31:10]} 7. Nf3
{[%clk 1:32:58]} Nd7 {[%clk 1:30:29]} 8. h5 {[%clk 1:33:21]} Bh7 {[%clk 1:30:40]}
9. Bd3 {[%clk 1:33:46]} Bxd3 {[%clk 1:31:02]} 10. Qxd3 {[%clk 1:34:13]} e6
{[%clk 1:30:46]} 11. Bf4 {[%clk 1:34:18]} Qa5+ {[%clk 1:31:13]} 12. Bd2
{[%clk 1:34:27]} Qc7 {[%clk 1:31:18]} 13. O-O-O {[%clk 1:32:06]} Ngf6
{[%clk 1:31:36]} 14. Ne4 {[%clk 1:31:48]} O-O-O {[%clk 1:31:21]} 15. Nxf6
{[%clk 1:28:06]} Nxf6 {[%clk 1:31:44]} 16. Qe2 {[%clk 1:28:33]} Bd6
{[%clk 1:21:28]} 17. Kb1 {[%clk 1:26:26]} c5 {[%clk 1:18:41]} 18. Rh4
{[%clk 1:25:09]} a6 {[%clk 0:58:35]} 19. dxc5 {[%clk 1:15:15]} Bxc5
{[%clk 0:58:54]} 20. b4 {[%clk 1:13:53]} Rd5 {[%clk 0:56:23]} 21. Rc4
{[%clk 1:05:32]} Rhd8 {[%clk 0:55:54]} 22. Rxc5 {[%clk 1:05:47]} Rxc5
{[%clk 0:55:52]} 23. bxc5 {[%clk 1:06:14]} Qxc5 {[%clk 0:56:04]} 24. Bc1
{[%clk 1:00:17]} Rxd1 {[%clk 0:41:16]} 25. Qxd1 {[%clk 1:00:37]} Nxh5
{[%clk 0:39:48]} 26. Qd3 {[%clk 0:45:25]} Nf6 {[%clk 0:29:45]} 27. Ba3
{[%clk 0:39:09]} Qb6+ {[%clk 0:17:09]} 28. Ka1 {[%clk 0:38:45]} Nd5
{[%clk 0:12:52]} 29. c4 {[%clk 0:23:52]} Nf4 {[%clk 0:13:05]} 30. Qd2
{[%clk 0:21:19]} g5 {[%clk 0:09:44]} 31. Ne5 {[%clk 0:18:39]} f6 {[%clk 0:06:42]}
32. Nf7 {[%clk 0:06:35]} Qc7 {[%clk 0:05:04]} 33. Nd6+ {[%clk 0:06:38]} Kb8
{[%clk 0:05:27]} 34. Nb5 {[%clk 0:05:22]} Qb6 {[%clk 0:05:08]} 35. Bd6+
{[%clk 0:05:32]} Kc8 {[%clk 0:03:38]} 36. Bc7 {[%clk 0:05:48]} 1-0